000 01254nam a22002897a 4500
005 20080827101417.0
008 080827t xxu||||| |||| 00| 0 hin d
010 _aHIN-84101
020 _c75.00
_a8121611229
035 _aHN-56447
037 _aDBAD / PUB
040 _aDPL
_bHN
082 _a158.1
100 _aमार्डेन, स्वेट
245 _aसफल कैसे हों /
_cस्वेट मार्डेन
246 _aSaphala kaise hon
_bby Swett Marden
260 _aनई दिल्ली
_bहिन्द पॉकेट बुक्स
_c2006
270 _aजे-40, जोरबाग लेन
_bनई दिल्ली
_e110003
300 _a111पृ
_c22सेमी (अजिल्द)
650 _aजीवन कौशल
650 _aLife skills
650 _aव्यवसाय में सफलता
650 _aSuccess in business
700 _aव्यास, गिरधारीलाल
942 _2ddc
_cHN
_mमार्डेन
_h158.1
999 _c15133
_d15133